000 00353nam a22001457a 4500
003 UA-OsUOA
001 12314
007 ta
008 20050504b un ||||| |||| 00| 0 ukr d
942 _cSA
040 _aUA-OsUOA
_cUA-OsUOA
_dUA-OsUOA
955 _a0
773 0 _w0
_tВісті Рівненщини
_dРівне
_d2005
_g№32/27 квіт./
650 7 _2UDC
999 _c298475
_d298475